000 00601nam a2200205Ia 4500
001 14931
003 GE_BSU
008 181216s||||||||xx |||||||||||||| ||und||
040 _cGE_BSU
080 _a512.643(075.3)
100 _aБеллман,Р.
245 _aВведение в теорию матриц
245 _cПод. ред. В.Б. Лидского. Пер. с англ. В.Я. Катковича и др.
260 _aМосква
260 _bНаука
260 _c1969
300 _a367стр.22см.
653 _aВведение в теорию матриц
942 _cBK
999 _c48051
_d48051